00948nam a22001817a 4500008004100000020001800041050002100059100003600080245006600116250001700182260003500199300007700234490005900311500010900370505021800479650003000697650003900727120625t2013 mx ao||f 001 0 esp d a978607171434314aRA1018bV37 20131 aVargas Alvarado, Eduardoeautor10aMedicina forense criminalística c/ Eduardo Vargas Alvarado a2a edición3 aMéxico b: Trillasc , 2013. a175 páginasb: ilustraciones, fotografías en Blanco y Negroc; 25 cm0 aMedicina y Ciencias Forenses para Médicos y Abogados aIncluye bibliografía (p. 164) Incluye glosario (p. 165-166) Incluye índice onomástico (p. 167-175)2 aConcepto Historia Continente Americano Medicina Forense Documentos Medico Legales Investigación en el escenario de la muerte Identificación medico legal Identificación dental Identificación policial.1 aMEDICINA LEGAL xHISTORIA2 aCRIMINALÍSTICAxIDENTIFICACIÓN